<?xml version="1.0" encoding="UTF-8"?><?xml-stylesheet type="text/xsl" href="static/style.xsl"?><OAI-PMH xmlns="http://www.openarchives.org/OAI/2.0/" xmlns:xsi="http://www.w3.org/2001/XMLSchema-instance" xsi:schemaLocation="http://www.openarchives.org/OAI/2.0/ http://www.openarchives.org/OAI/2.0/OAI-PMH.xsd"><responseDate>2026-04-13T15:12:05Z</responseDate><request verb="GetRecord" identifier="oai:www.recercat.cat:11351/8941" metadataPrefix="marc">https://recercat.cat/oai/request</request><GetRecord><record><header><identifier>oai:recercat.cat:11351/8941</identifier><datestamp>2025-11-27T07:46:00Z</datestamp><setSpec>com_2072_451661</setSpec><setSpec>com_2072_378040</setSpec><setSpec>col_2072_451663</setSpec></header><metadata><record xmlns="http://www.loc.gov/MARC21/slim" xmlns:dcterms="http://purl.org/dc/terms/" xmlns:xsi="http://www.w3.org/2001/XMLSchema-instance" xmlns:doc="http://www.lyncode.com/xoai" xsi:schemaLocation="http://www.loc.gov/MARC21/slim http://www.loc.gov/standards/marcxml/schema/MARC21slim.xsd">
   <leader>00925njm 22002777a 4500</leader>
   <datafield ind2=" " ind1=" " tag="042">
      <subfield code="a">dc</subfield>
   </datafield>
   <datafield ind2=" " ind1=" " tag="720">
      <subfield code="a">Barceló, Maria A.</subfield>
      <subfield code="e">author</subfield>
   </datafield>
   <datafield ind2=" " ind1=" " tag="720">
      <subfield code="a">Nieto Ortiz, Adrián</subfield>
      <subfield code="e">author</subfield>
   </datafield>
   <datafield ind2=" " ind1=" " tag="720">
      <subfield code="a">Franquet Bonet, Álvaro</subfield>
      <subfield code="e">author</subfield>
   </datafield>
   <datafield ind2=" " ind1=" " tag="720">
      <subfield code="a">Fontova Almató, Aurora</subfield>
      <subfield code="e">author</subfield>
   </datafield>
   <datafield ind2=" " ind1=" " tag="720">
      <subfield code="a">Plaja Roman, Pere</subfield>
      <subfield code="e">author</subfield>
   </datafield>
   <datafield ind2=" " ind1=" " tag="720">
      <subfield code="a">Saez, Marc</subfield>
      <subfield code="e">author</subfield>
   </datafield>
   <datafield ind2=" " ind1=" " tag="720">
      <subfield code="a">Turró-Garriga, Oriol</subfield>
      <subfield code="e">author</subfield>
   </datafield>
   <datafield ind2=" " ind1=" " tag="260">
      <subfield code="c">2023-02-01T11:14:00Z</subfield>
   </datafield>
   <datafield ind2=" " ind1=" " tag="260">
      <subfield code="c">2023-02-01T11:14:00Z</subfield>
   </datafield>
   <datafield ind2=" " ind1=" " tag="260">
      <subfield code="c">2022-11</subfield>
   </datafield>
   <datafield ind2=" " ind1=" " tag="520">
      <subfield code="a">Demografia; Salut; Economia; Territori</subfield>
   </datafield>
   <datafield ind2=" " ind1=" " tag="520">
      <subfield code="a">Demografía; Salud; Economía; Territorio</subfield>
   </datafield>
   <datafield ind2=" " ind1=" " tag="520">
      <subfield code="a">Demographics; Health; Economy; Territory</subfield>
   </datafield>
   <datafield ind2=" " ind1=" " tag="520">
      <subfield code="a">Indicadors Clau de l’Alt Empordà 2022 presenta una selecció de dades estadístiques sobre l’Alt Empordà i la demarcació de Girona. Aquestes dades s’emmarquen en l’àmbit municipal en tots aquells casos en què ha estat possible i, en altres en què no s’ha pogut obtenir informació prou detallada, es presenten en àmbit comarcal o provincial.&#xd;
En aquest document es vol aportar una visió general que faciliti conèixer l’estat del territori amb dades de l’any 2021 o les més recents editades, i veure quines són les tendències actuals. El recull inclou dades sociodemogràfiques, de salut, d’economia, de medi ambient i d’altres recursos del territori.&#xd;
En l’edició de 2022, com ja passava l’any anterior, s’objectiva la influència de l'epidèmia de COVID-19 en diversos indicadors i tendències.</subfield>
   </datafield>
   <datafield ind2=" " ind1=" " tag="520">
      <subfield code="a">Indicadores Clave del Alt Empordà 2022 presenta una selección de datos estadísticos sobre el Alt Empordà y la demarcación de Girona. Estos datos se enmarcan en el ámbito municipal en todos aquellos casos en los que ha sido posible y, en los que no se ha podido obtener información lo suficientemente detallada, se presentan en ámbito comarcal o provincial.&#xd;
En este documento se quiere aportar una visión general que facilite conocer el estado del territorio con datos del año 2021 o más recientes editados, y ver cuáles son las tendencias actuales. La recopilación incluye datos sociodemográficos, de salud, de economía, de medio ambiente y otros recursos del territorio.&#xd;
En la edición de 2022, como ya pasaba el año anterior, se objetiva la influencia de la epidemia de COVID-19 en varios indicadores y tendencias.</subfield>
   </datafield>
   <datafield ind2=" " ind1=" " tag="520">
      <subfield code="a">Key Figures on Alt Empordà 2022 presents a selection of statistics on Alt Empordà and the province of Girona. Whenever possible, this data is defined within the municipal scope, but in many cases, it has not been possible to obtain sufficiently detailed information, so the figures are for the whole area or provincial.&#xd;
This document aims to provide a general view to help us find out about the state of the area using 2021 data or the most recent data available and identifying current trends. This document includes data on demographics, socio-demographics, health, economy, the territory and its resources.&#xd;
As was the case last year, in the 2022 edition, the influence of the COVID-19 epidemic has been objectified in various indicators and trends.</subfield>
   </datafield>
   <datafield tag="653" ind2=" " ind1=" ">
      <subfield code="a">Alt Empordà (Catalunya) - Estadístiques</subfield>
   </datafield>
   <datafield tag="653" ind2=" " ind1=" ">
      <subfield code="a">Alt Empordà (Catalunya) - Població</subfield>
   </datafield>
   <datafield tag="653" ind2=" " ind1=" ">
      <subfield code="a">PUBLIC HEALTH::Population Studies in Public Health::Population::Population Characteristics</subfield>
   </datafield>
   <datafield tag="653" ind2=" " ind1=" ">
      <subfield code="a">Alt Empordà (Catalunya)</subfield>
   </datafield>
   <datafield tag="653" ind2=" " ind1=" ">
      <subfield code="a">SALUD PÚBLICA::Estudios Poblacionales en Salud Pública::Población::Características de la Población</subfield>
   </datafield>
   <datafield tag="653" ind2=" " ind1=" ">
      <subfield code="a">Alt Empordà (Catalunya)</subfield>
   </datafield>
   <datafield ind2="0" ind1="0" tag="245">
      <subfield code="a">Indicadors Clau de l’Alt Empordà 2022</subfield>
   </datafield>
   <datafield ind2="0" ind1="0" tag="245">
      <subfield code="a">Indicadores Clave del Alt Empordà 2022</subfield>
   </datafield>
   <datafield ind2="0" ind1="0" tag="245">
      <subfield code="a">Key Figures on Alt Empordà 2022</subfield>
   </datafield>
</record></metadata></record></GetRecord></OAI-PMH>